| 000 | 00359pab a2200145 454500 | ||
|---|---|---|---|
| 008 | 180718b2001 xxu||||| |||| 00| 0 eng d | ||
| 100 | _aNoda, Eijiro | ||
| 245 | _aThe Japan-US "alliance"? Unwanted fault line | ||
| 260 | _c2001 | ||
| 300 | _ap.110-13 | ||
| 362 | _aJul-Sep | ||
| 650 | _aInternational relations | ||
| 773 | _aWorld Affairs | ||
| 909 | _a50565 | ||
| 999 |
_c50565 _d50565 |
||